000 01036nam a2200289 4500
001 16296
003 BD-RjUL
005 20211209000006.0
008 140213r1914nyuh b 000 0 eng
035 _a(BD-RjUL)16351
040 _aDLC
_cDLC
_dBD-RjUL
_beng
041 _aeng
082 0 0 _a822.309
_bBOU 1914
100 1 _aBoas, Frederick S.
_q(Frederick Samuel),
_d1862-1957.
_950386
245 1 0 _aUniversity drama in the Tudor age /
_cby Frederick S. Boas.
260 _aNew York :
_bB. Blom ,
_c1914
300 _ax, 414 p. :
_bfacsims. ;
_c23 cm.
504 _aBibliographical footnotes.
600 3 0 _aTudor, House of.
_9862
650 0 _aEnglish drama
_yEarly modern and Elizabethan, 1500-1600
_xHistory and criticism.
_92066
650 0 _aCollege and school drama, English
_xHistory and criticism.
_950387
650 0 _aUniversities and colleges
_zEngland
_xHistory
_y16th century.
_950388
651 0 _aGreat Britain
_xHistory
_yTudors, 1485-1603.
_950389
942 _2ddc
_cBK
999 _c16296
_d16296